Distribution management : the place decision (Record no. 213077)

MARC details
000 -LEADER
fixed length control field 00301nam a2200097Ia 4500
082 ## - DEWEY DECIMAL CLASSIFICATION NUMBER
Classification number 658.870096 DIST
008 - FIXED-LENGTH DATA ELEMENTS--GENERAL INFORMATION
fixed length control field 210817s9999 xx 000 0 und d
100 ## - MAIN ENTRY--PERSONAL NAME
Personal name Van Heerden, Neels Claremont, South Africa, 2005 2nd ed
245 #0 - TITLE STATEMENT
Title Distribution management : the place decision
942 ## - ADDED ENTRY ELEMENTS
item type Books
Holdings
Withdrawn status Lost status Damaged status Not for loan Home library Current library Date acquired Cost, normal purchase price Total Checkouts Barcode Date last seen Price effective from item type
        Bethal Bethal 18.08.2021 275.00   33228020241418 18.08.2021 18.08.2021 Books